College Quizbowl Stats
College Quizbowl Stats
Circuits
Seasons
Sets
Records
Detailed Stats
About
Loading...
2024 ACF Fall at Rutgers
Tossups
Bonuses
Players
Teams
Categories (Tossup)
Categories (Bonus)
Nicola Illario (DII)
Penn A
Categories
Category
Powers
Gets
Negs
BBs
Points
Earliest Buzz
Avg. Buzz
First Buzzes
Top 3 Buzzes
History - European History
0
2
1
0
15
53
65.50
0
0
Geography
0
1
0
0
10
71
71.00
0
0
History - Other History
0
2
2
0
10
24
54.50
0
0
History - American History
0
0
1
0
-5
0.00
0
0
Buzzes
Category
Answer
Value
Buzz Position
History - European History
Cossacks
-5
21
History - Other History
Carthage
10
24
History - Other History
Machu Picchu
-5
52
History - American History
Mormons
-5
53
History - European History
Spanish Civil War
10
53
History - Other History
Vietnamese
-5
57
Geography
Miami
10
71
History - European History
Peter
10
78
History - Other History
Babylon
10
85
Previous
1
Next